[Event "DOM-ch U20 Girls"]
[White "Camacho Rosario, Cristal"]
[Black "Villar Acevedo, Darlin Rocio"]
[Site "Santo Domingo"]
[Round "5"]
[Result "0-1"]
[Date "2015.09.26"]
[WhiteElo "1514"]
[BlackElo "1725"]
[PlyCount "86"]
[EventDate "2015.09.24"]
[EventType "swiss"]
[EventRounds "6"]
[EventCountry "DOM"]
[SourceTitle "EXT 2017"]
[Source "ChessBase"]
[SourceDate "2016.10.25"]
[SourceVersion "1"]
[SourceVersionDate "2016.10.25"]
[SourceQuality "1"]

1. e4 c6 2. Nc3 d5 3. Nf3 Bg4 4. h3 Bh5 5. d4 e6 6. a3 dxe4 7. Nxe4 Bxf3 8. Qxf3 Qxd4 9. Bd3 Be7 10. Rb1 Nf6 11. Nxf6+ Qxf6 12. Qxf6 Bxf6 13. 0-0 0-0 14. Re1 Nd7 15. b4 Rfd8 16. Bb2 Rac8 17. Re3 Bxb2 18. Rxb2 c5 19. c3 g6 20. Be2 Nf6 21. bxc5 Rd7 22. Re5 Nd5 23. Bb5 Re7 24. c4 f6 25. Re1 Nf4 26. Rd1 Rxc5 27. Kh2 a6 28. Rd7 Rc7 29. Rxe7 Rxe7 30. Ba4 Nd3 31. Rd2 Nc5 32. Bc2 Kf8 33. g4 Rd7 34. Re2 Rd4 35. Kg3 Rxc4 36. f3 Rc3 37. a4 Ke7 38. h4 Ra3 39. Be4 Rxa4 40. Rc2 Nxe4+ 41. fxe4 Rd4 42. Rc7+ Rd7 43. Rxd7+ Kxd7 0-1

[Event "DOM-ch U20 Girls"]
[White "Corporan, Paola Melissa"]
[Black "Camacho Rosario, Cristal"]
[Site "Santo Domingo"]
[Round "3"]
[Result "1-0"]
[Date "2015.09.25"]
[WhiteElo "1626"]
[BlackElo "1514"]
[PlyCount "81"]
[EventDate "2015.09.24"]
[EventType "swiss"]
[EventRounds "6"]
[EventCountry "DOM"]
[SourceTitle "EXT 2017"]
[Source "ChessBase"]
[SourceDate "2016.10.25"]
[SourceVersion "1"]
[SourceVersionDate "2016.10.25"]
[SourceQuality "1"]

1. e4 e5 2. Nc3 Nc6 3. g3 Nf6 4. Bg2 d6 5. h3 Be6 6. Nge2 Be7 7. d3 h6 8. Be3 Qd7 9. Qd2 a6 10. a3 0-0 11. 0-0-0 d5 12. exd5 Nxd5 13. Ne4 Nxe3 14. Qxe3 f5 15. Nc5 Qc8 16. Nxe6 Qxe6 17. f4 Bf6 18. fxe5 Bg5 19. Nf4 Qa2 20. c3 Rfe8 21. d4 Rad8 22. h4 Bxf4 23. Qxf4 Qc4 24. Qxf5 Nxd4 25. Qf1 Qc5 26. Bxb7 Rxe5 27. Kb1 Ne6 28. Bxa6 Rb8 29. Bc4 Qxa3 30. Bxe6+ Rxe6 31. Rh2 Qxc3 32. Rd8+ Kh7 33. Qf5+ Rg6 34. Rxb8 Qe1+ 35. Ka2 Qxg3 36. Rd2 c6 37. Rdd8 Qxb8 38. Rxb8 h5 39. Qxh5+ Rh6 40. Qf5+ g6 41. Qf7# 1-0

[Event "DOM-ch U20 Girls"]
[White "Camacho Rosario, Cristal"]
[Black "Familia Martinez, Yissel"]
[Site "Santo Domingo"]
[Round "2"]
[Result "1/2-1/2"]
[Date "2015.09.24"]
[WhiteElo "1514"]
[BlackElo "2040"]
[PlyCount "148"]
[EventDate "2015.09.24"]
[EventType "swiss"]
[EventRounds "6"]
[EventCountry "DOM"]
[SourceTitle "EXT 2017"]
[Source "ChessBase"]
[SourceDate "2016.10.25"]
[SourceVersion "1"]
[SourceVersionDate "2016.10.25"]
[SourceQuality "1"]

1. e4 e5 2. Bc4 Bc5 3. Nf3 Nc6 4. c3 d6 5. h3 h6 6. d4 Bb6 7. 0-0 Nf6 8. Re1 0-0 9. b3 a6 10. Ba3 Re8 11. b4 exd4 12. cxd4 Nxe4 13. Bb2 Nxb4 14. Qb3 d5 15. Qxb4 dxc4 16. Qxc4 Be6 17. Qd3 Bd5 18. Ne5 f5 19. Re3 Qh4 20. Re2 Qg5 21. Nf3 Qh5 22. Nc3 Nxc3 23. Bxc3 Bxf3 24. Rxe8+ Rxe8 25. Qxf3 Qxf3 26. gxf3 Rd8 27. Rd1 Rd5 28. a4 c5 29. a5 Ba7 30. Rb1 b5 31. dxc5 Bxc5 32. Kg2 f4 33. h4 Be7 34. Kh3 Rh5 35. Kg4 Rxh4+ 36. Kf5 Kf7 37. Re1 g6+ 38. Ke5 Bf6+ 39. Kd6 Bxc3 40. Re7+ Kf6 41. Re6+ Kf5 42. Re8 Bb4+ 43. Kd5 Rh5 44. Kd4 Kf6 45. Ra8 Bxa5 46. Rxa6+ Kf7 47. Rxa5 Ke6 48. Ke4 Re5+ 49. Kxf4 g5+ 50. Kg4 Rf5 51. Ra6+ Ke5 52. Rxh6 b4 53. Rb6 Rf4+ 54. Kxg5 Rxf3 55. Rb5+ Kd4 56. Rxb4+ Kc3 57. Rf4 Rd3 58. f3 Kd2 59. Rf7 Ke3 60. f4 Kf3 61. f5 Rd5 62. Re7 Rd8 63. f6 Rd5+ 64. Kg6 Kg4 65. f7 Rg5+ 66. Kf6 Rf5+ 67. Ke6 Kg5 68. Kd7 Kg6 69. Ke8 Rb5 70. f8Q Rb8+ 71. Kd7 Rxf8 72. Re6+ Kg7 73. Re7+ Rf7 74. Rxf7+ Kxf7 1/2-1/2

[Event "DOM-ch (Women)"]
[White "Camacho Rosario, Cristal"]
[Black "Rodriguez Espaillat, Escarlet M"]
[Site "Santo Domingo"]
[Round "6"]
[Result "0-1"]
[Date "2015.03.14"]
[WhiteElo "1562"]
[BlackElo "1642"]
[PlyCount "90"]
[EventDate "2015.03.06"]
[EventType "swiss"]
[EventRounds "8"]
[EventCountry "DOM"]
[SourceTitle "CBM 165 Extra"]
[Source "ChessBase"]
[SourceDate "2015.04.21"]
[SourceVersion "1"]
[SourceVersionDate "2015.04.21"]
[SourceQuality "1"]

1. e4 c6 2. d4 d5 3. Nc3 dxe4 4. Nxe4 Bf5 5. Nc3 e6 6. a3 Nf6 7. Nf3 Qc7 8. Be3 Bd6 9. Be2 Nd5 10. Nxd5 cxd5 11. h3 Qxc2 12. Qxc2 Bxc2 13. Rc1 Bg6 14. 0-0 0-0 15. Rfd1 Nd7 16. Nh4 Nb6 17. Nxg6 hxg6 18. h4 Rac8 19. h5 gxh5 20. Bxh5 g6 21. Be2 Rxc1 22. Rxc1 Rc8 23. Rxc8+ Nxc8 24. Bc1 Ne7 25. b3 Nc6 26. Bb2 Kg7 27. g3 Kf6 28. Kg2 Be7 29. Kf3 Kg7 30. b4 Bg5 31. Kg4 Bf6 32. f4 Bxd4 33. Bxd4+ Nxd4 34. Bd3 f5+ 35. Kh3 Nf3 36. Bb5 Nd4 37. Bd7 Kf7 38. a4 Nc2 39. b5 Ne3 40. Bc8 b6 41. Bd7 d4 42. Kh2 d3 43. Bc6 d2 44. Bf3 d1Q 45. Bxd1 Nxd1 0-1